Bilecik Bilecik Bilecik Bilecik Bilecik

Işık Yenersu : (Record no. 34607)

MARC details
000 -BAŞLIK
Sabit Uzunluktaki Kontrol Alanı 01219nam a22003617a 4500
001 - KONTROL NUMARASI
Control Dosyası 0034699
003 - KONTROL NUMARASI KİMLİĞİ
Kontrol Alanı KOHA_MİRAKIL
005 - EN SON İŞLEM TARİHİ ve ZAMANI
Kontrol Alanı 20260207002925.0
007 - FİZİKSEL TANIM SABİT ALAN - GENEL BİLGİ
Sabit uzunluklu kontrol alanı
008 - SABİT UZUNLUKTAKİ VERİ ÖGELERİ - GENEL BİLGİ
Sabit Alan 120103b tu |||g|||||#||||0|tur |
040 ## - KATALOGLAMA KAYNAĞI
Özgün Kataloglama Kurumu TR-BiSEU
Kataloglama Dili tur
Çeviri Kurumu TR-BiSEU
Açıklama Kuralları rda
041 0# - DİL KODU
Metin ya da ses kaydının dil kodu tur
044 ## - YAYINLAYAN/ÜRETEN KURULUŞUN ÜLKE KODU
ISO country code tu
050 00 - SINIFLAMA ve YER NUMARASI
Sınıflama Numarası DVD
Yer Numarası 34699
245 0# - ESER ADI BİLDİRİMİ
Başlık Işık Yenersu :
Alt Eseradı vb. tiyatronun narin, çetin divası/
Sorumluluk Bildirimi TRT.
264 #1 - ÜRERİM, YAYIN, DAĞITIM ve TELİF BİLDİRİMİ
Yayın yeri Ankara :
Yayınlayan TRT
Yayın tarihi [t.y.]
300 ## - FİZİKSEL TANIMLAMA
Sayfa, Cilt vb. 1 müzik cd'si
336 ## - İÇERİK TÜRÜ
Content type term dokunsal metin
Content type code tct
Source rdacontent
337 ## - MEDYA TÜRÜ
Media type term aracısız
Media type code n
Source rdamedia
338 ## - TAŞIYICI TÜRÜ
Carrier type term cilt
Carrier type code nc
Source rdacarrier
500 ## - GENEL NOT
Genel Not yapım-yönetim Kerime Senyücel ; kamera Baluk Ertuğrul ; müzik Derya Köroğlu
500 ## - GENEL NOT
Genel Not VCD format.
650 #0 - KONU BAŞLIĞI EK GİRİŞ - KONU TERİMİ
Konusal terim veya coğrafi ad Yenersu, Işık.
9 (RLIN) 66862
650 #0 - KONU BAŞLIĞI EK GİRİŞ - KONU TERİMİ
Konusal terim veya coğrafi ad Video Recordings Collection.
9 (RLIN) 66863
650 #0 - KONU BAŞLIĞI EK GİRİŞ - KONU TERİMİ
Konusal terim veya coğrafi ad Documentary films.
9 (RLIN) 61599
650 #0 - KONU BAŞLIĞI EK GİRİŞ - KONU TERİMİ
Konusal terim veya coğrafi ad Actors--Biography--Turkey.
9 (RLIN) 66864
650 #0 - KONU BAŞLIĞI EK GİRİŞ - KONU TERİMİ
Konusal terim veya coğrafi ad Theatrical producers and directors--Biography--Turkey.
9 (RLIN) 66865
650 #0 - KONU BAŞLIĞI EK GİRİŞ - KONU TERİMİ
Konusal terim veya coğrafi ad Video kayıt koleksiyonu.
9 (RLIN) 66866
650 #0 - KONU BAŞLIĞI EK GİRİŞ - KONU TERİMİ
Konusal terim veya coğrafi ad Belgesel filmler.
9 (RLIN) 31092
650 #0 - KONU BAŞLIĞI EK GİRİŞ - KONU TERİMİ
Konusal terim veya coğrafi ad Oyuncular--Biyografi--Türkiye.
9 (RLIN) 66867
650 #0 - KONU BAŞLIĞI EK GİRİŞ - KONU TERİMİ
Konusal terim veya coğrafi ad Tiyatro yapımcıları ve yönetmenleri--Biyografi--Türkiye.
9 (RLIN) 66868
942 ## - EK GİRİŞ ÖGELERİ (KOHA)
Source of classification or shelving scheme Library of Congress Classification
Koha item type Non-print material
Holdings
Materyal Türü Kalıcı Konum Mevcut Konum Sınıflandırma Kaynağı Edinim Bilgisi Yer Numarası Demirbaş Numarası Fatura Tarihi Geri Çekilme Durumu Kayıp Durumu Hasarlı Durumu Kredi için değil Kayıt Tarih Toplam Ödünçverme Son Görülme Tarihi Son Kontrol Tarihi Genel / Bağış Notu
Non-print material Prof. Dr. Azmi Özcan Kütüphanesi Prof. Dr. Azmi Özcan Kütüphanesi Library of Congress Classification Bağış DVD/34699 0034699 02/02/2026       Ödünç verilmez 03/01/2012   05/12/2024 05/12/2024 TRT
Non-print material Prof. Dr. Azmi Özcan Kütüphanesi Prof. Dr. Azmi Özcan Kütüphanesi Library of Congress Classification Bağış DVD/34701 0034701 02/02/2026 Kayıt taramadan çıkarılmıştır     Ödünç verilmez 03/01/2012   05/12/2024 05/12/2024 TRT